000 00359nam a2200145 i 4500
001 bg
100 1 _aSIGORSKIJ, W. P.
245 0 _aOsnowy teorii elektronnych schem /
_cW.P. Sigorskij, A.J. Petrenko.
260 _aKiew,
_c1971.
700 1 _aPETRENKO, A. J.
040 _cBPK
041 _apol
942 _cKS
008 s pl f |000 0 pol
999 _c14882
_d14882
856 _uhttp://koha.tu.koszalin.pl/cgi-bin/koha/opac-detail.pl?biblionumber=14882
_yKatalog online BPK